| 000 | 00363nam a22001457a 4500 | ||
|---|---|---|---|
| 020 | _a978-81-8388-741-0 | ||
| 082 |
_a823 _bCOO/L |
||
| 100 | _aCOOPER, JAMES FENIMORE | ||
| 245 |
_aTHE LAST OF THE MOHICANS _bSPIDER JUNIOR CLASSICS |
||
| 260 |
_aCHENNAI _bSPIDER BOOKS _c2017 |
||
| 300 | _a32 | ||
| 520 | _aCLASSICS STORY | ||
| 650 | _aCLASSICS STORY | ||
| 942 | _cBK | ||
| 999 |
_c3413 _d3413 |
||